|
|
|
|
| LEADER |
00000nam a2200000Ii 4500 |
| 001 |
DIGEDUNAV0266 |
| 003 |
NyNyDIG |
| 006 |
m o d |
| 007 |
cr ||||||||||| |
| 008 |
220610s2013 sp o 000 0 spa d |
| 035 |
|
|
|a (OCoLC)1333702269
|
| 040 |
|
|
|a DGITA
|b eng
|e rda
|e pn
|c DGITA
|
| 020 |
|
|
|z 9788431329563
|
| 050 |
1 |
4 |
|a BD118.C45 ebook
|
| 100 |
1 |
|
|a Nicholas,
|c of Cusa, Cardinal,
|d 1401-1464,
|e author.
|
| 245 |
1 |
0 |
|a Sobre la mente y Dios /
|c Nicolás de Cusa ; edición de Ángel Luis González.
|
| 264 |
|
1 |
|a Pamplona, España :
|b EUNSA, Ediciones Universidad de Navarra,
|c [2013]
|
| 300 |
|
|
|a 1 online resource.
|
| 336 |
|
|
|a text
|b txt
|2 rdacontent
|
| 337 |
|
|
|a computer
|b c
|2 rdamedia
|
| 338 |
|
|
|a online resource
|b cr
|2 rdacarrier
|
| 347 |
|
|
|a text file
|2 rdaft
|
| 347 |
|
|
|b PDF
|
| 490 |
1 |
|
|a Colección de pensamiento medieval y renacentista ;
|v no. 143
|
| 505 |
0 |
|
|a Diálogo sobre el Dios escondido -- La búsqueda de Dios -- El don del padre de las luces -- Apología de la docta ignorancia -- El Berilo -- La igualdad -- El principio -- El no-otro.
|
| 588 |
0 |
|
|a Online resource; title from PDF title page (Digitalia, viewed June 10, 2022)
|
| 650 |
|
0 |
|a Metaphysics.
|
| 650 |
|
0 |
|a Philosophy, Medieval.
|
| 655 |
|
0 |
|a Electronic books.
|
| 700 |
1 |
|
|a González, Ángel Luis,
|e editor.
|
| 700 |
1 |
|
|i Container of (work):
|a Nicholas,
|c of Cusa, Cardinal,
|d 1401-1464.
|t Diálogo sobre el Dios escondido.
|
| 700 |
1 |
|
|i Container of (work):
|a Nicholas,
|c of Cusa, Cardinal,
|d 1401-1464.
|t Búsqueda de Dios.
|
| 700 |
1 |
|
|i Container of (work):
|a Nicholas,
|c of Cusa, Cardinal,
|d 1401-1464.
|t Don del padre de las luces.
|
| 700 |
1 |
|
|i Container of (work):
|a Nicholas,
|c of Cusa, Cardinal,
|d 1401-1464.
|t Apología de la docta ignorancia.
|
| 700 |
1 |
|
|i Container of (work):
|a Nicholas,
|c of Cusa, Cardinal,
|d 1401-1464.
|t Berilo.
|
| 700 |
1 |
|
|i Container of (work):
|a Nicholas,
|c of Cusa, Cardinal,
|d 1401-1464.
|t Igualdad.
|
| 700 |
1 |
|
|i Container of (work):
|a Nicholas,
|c of Cusa, Cardinal,
|d 1401-1464.
|t Principio.
|
| 700 |
1 |
|
|i Container of (work):
|a Nicholas,
|c of Cusa, Cardinal,
|d 1401-1464.
|t No-otro.
|
| 791 |
2 |
|
|a Digitalia (Firm),
|e distributor.
|
| 793 |
0 |
|
|g Digitalia eBook Collection:
|a Ediciones Universidad de Navarra
|
| 776 |
0 |
8 |
|i Print version:
|a Nicholas, of Cusa, Cardinal, 1401-1464.
|t Sobre la mente y Dios.
|b Primera edición.
|d Pamplona, España : EUNSA, Ediciones Universidad de Navarra, [2013]
|z 9788431329563
|
| 830 |
|
0 |
|a Colección de pensamiento medieval y renacentista ;
|v núm. 143.
|
| 856 |
4 |
0 |
|3 Digitalia Hispánica
|u https://www.digitaliapublishing.com/a/51646/
|
| 910 |
|
|
|a Premium collection: 2022
|